| 000 | 00566nam a22001937a 4500 | ||
|---|---|---|---|
| 005 | 20180410154110.0 | ||
| 010 | _aENG-122604 | ||
| 020 | _c550.00 | ||
| 035 | _aEN-106136 | ||
| 037 | _bDBAD/PUB | ||
| 082 | _aN | ||
| 100 | _aNadeem Aslam | ||
| 245 |
_aThe blind man's garden / _cbyNadeem Aslam |
||
| 260 |
_c2013 _aNoida _bRandom House Publishers India Private Limited |
||
| 270 |
_aWindsor IT Park,7th Floor,Tower-B A-1,Sector-125,(UP) _bNoida _e201301 _mwww.randomhouse.co.in |
||
| 300 |
_c22cm(Hb) _a415p. |
||
| 650 | _afiction | ||
| 942 |
_cEN _2ddc _mNAD _hN |
||
| 999 |
_c150980 _d150980 |
||